| 000 | 01305cam a2200277 4500 | ||
|---|---|---|---|
| 008 | #DATE n2001 000 0 eng u | ||
| 020 | _a1899769498 | ||
| 035 | _a(Sirsi) u118987 | ||
| 041 | _aeng | ||
| 050 |
_a347.4109 _c18 |
||
| 100 | _aMilne, Michael | ||
| 245 |
_aPrinciples of arbitration _bCPD study pack. |
||
| 250 | _a2nd ed. | ||
| 260 |
_aReading _bCollege of Estate Management _c2001 |
||
| 300 |
_av, 30p. _c30cm. + 1 audio cassette (ca. 60 min.) |
||
| 350 | _a£35.50 | ||
| 490 | _aCollege of Estate Management CPD Study Pack | ||
| 520 | _aAims to explain the meaning and purpose of arbitration and to put the process of arbitration into context compared with other dispute resolution techniques. Outlines the merits of arbitration as well as discussing the provisions of the Arbitration Act 1996 and describing the nature of a typical arbitration. | ||
| 520 | _aAccompanied by the Owlion Audio Tape entitled "Arbitration: the 1995 and 1996 legislation" which is catalogued separately (J84321). | ||
| 650 | _aARBITRATION ACT 1996 | ||
| 650 | _aMANAGEMENT-DISPUTE AVOIDANCE, MANAGEMENT AND RESOLUTION-DISPUTE MANAGEMENT AND RESOLUTION-ARBITRATION | ||
| 650 | _aARBITRATORS | ||
| 690 |
_aDISPUTE RESOLUTION _96236 |
||
| 710 |
_aCollege of Estate Management _9400 |
||
| 942 | _n0 | ||
| 999 |
_c102229 _d102229 |
||